Право интеллектуальной собственности: учебник для вузов

Dades bibliogràfiques
Autor principal: Мерзликина Р. А. Раиса Алексеевна
Sumari:Рассматривается правовой генезис и право интеллектуальной собственности как подотрасль гражданского права, а также институты права интеллектуальной собственности: права на объекты авторского права, на объекты промышленной собственности, на средства индивидуализации товаров, работ, услуг и предприятий (с учетом современного законодательства, в том числе четвертой части ГК РФ, международных договоров, судебной практики.
Idioma:rus
Publicat: Москва, Финансы и статистика, 2008
Matèries:
Format: MixedMaterials Llibre
KOHA link:https://koha.lib.tpu.ru/cgi-bin/koha/opac-detail.pl?biblionumber=163968

MARC

LEADER 00000nam0a2200000 4500
001 163968
005 20231101222434.0
010 |a 9785279033522 
010 |a 978-5-93078-223-7 
035 |a (RuTPU)RU\TPU\book\177884 
090 |a 163968 
100 |a 20090826d2008 m y0rusy50 ca 
101 0 |a rus 
102 |a RU 
105 |a y j 000zy 
200 1 |a Право интеллектуальной собственности  |e учебник для вузов  |f Р. А. Мерзликина 
210 |a Москва  |c Финансы и статистика  |a Ставрополь  |c Сервисшкола  |d 2008 
215 |a 528 с. 
330 |a Рассматривается правовой генезис и право интеллектуальной собственности как подотрасль гражданского права, а также институты права интеллектуальной собственности: права на объекты авторского права, на объекты промышленной собственности, на средства индивидуализации товаров, работ, услуг и предприятий (с учетом современного законодательства, в том числе четвертой части ГК РФ, международных договоров, судебной практики. 
451 1 |0 (RuTPU)RU\TPU\book\183431  |y 978-5-279-03352-2  |t Право интеллектуальной собственности  |o учебник для вузов  |f Р. А. Мерзликина  |c М.  |n Финансы и статистика  |c Ставрополь  |n Сервисшкола  |d 2009  |p 560 с.  |a Мерзликина, Раиса Алексеевна 
451 |y 978-5-93078-223-7 
606 1 |a Интеллектуальная собственность  |x Право  |2 stltpush  |3 (RuTPU)RU\TPU\subj\12805  |9 39522 
610 1 |a гражданское право 
610 1 |a Россия 
610 1 |a зарубежные страны 
610 1 |a методология 
610 1 |a источники 
610 1 |a правоотношения 
610 1 |a классификации 
610 1 |a авторские права 
610 1 |a смежные права 
610 1 |a промышленная собственность 
610 1 |a патентное право 
610 1 |a право на селекционные достижения 
610 1 |a интегральные микросхемы 
610 1 |a ноу-хау 
610 1 |a технологии 
610 1 |a товарные знаки 
610 1 |a места происхождения товаров 
610 1 |a фирменные наименования 
610 1 |a учебники 
686 |a Х623.3я73  |v LBC/SL-A  |2 rubbk 
700 1 |a Мерзликина  |b Р. А.  |g Раиса Алексеевна 
801 1 |a RU  |b 63413507  |c 20090826 
801 2 |a RU  |b 63413507  |c 20160118  |g RCR 
942 |c BK